000 00838nam a22002417a 4500
001 113781
003 DR-UNIBE
005 20250701144632.0
008 250625b2015 dr ||||| |||| 00| 0 spa d
020 _a9789945594089
040 _aBIBLIOTECA UNIBE
_bspa
_cBIBLIOTECA UNIBE
_erda
041 _aspa
082 _aF-RD 5979
100 _aGómez, Arelis
_eautor
_9196863
245 1 0 _aPrograma de Centro de Recursos Multimodales para el Aprendizaje (CREM) /
_cArelis Gómez e Isabel Vargas
260 _aSanto Domingo :
_bCentro de Recursos Multimodales para el Aprendizaje (CREM) :
_bInstituto Tecnológico de Santo Domingo (INTEC),
_c2015
300 _a47 páginas
650 _2lemb
_aEducación
650 _2lemb
_aAprendizaje
653 _aProgramas de enseñanza
700 _aVargas, Isabel
_957549
_eautor
942 _2ddc
_cMX
999 _c113781
_d113781